| 000 | 00382nam a2200145Ia 4500 | ||
|---|---|---|---|
| 005 | 20251222153542.0 | ||
| 008 | 251222s9999||||xx |||||||||||||| ||spa|| | ||
| 020 | _a9786071710277 | ||
| 082 | _a620.82/R76 | ||
| 100 | _aRodríguez Valencia, Joaquín | ||
| 245 | 0 | _aDel Análisis de Puestos al Diseño de Puesto de Trabajo | |
| 250 | _a1ra. ed. | ||
| 264 | _bTrillas | ||
| 942 | _cLIB | ||
| 999 |
_c30503 _d30503 |
||